ABC's of Jetpunk - Statistics

General Stats
  • This quiz has been taken 4 times
  • The average score is 20 of 26
Answer Stats
Picture Hint Answer % Correct
S; Entertainment Arnold Schwarzenegger
100%
C; Science Cow
100%
F; Language French Language
100%
N; Geography Niger
100%
P; Gaming Playstation
100%
R; Sports Rugby
100%
T; Holiday Thanksgiving
100%
W; Miscellaneous Wendy's
100%
X; Music Xylophone
100%
Y; History Yugoslavia
100%
Z; Science Zebra
100%
A; Geography Afghanistan
67%
B; Gaming Bowser
67%
D; Sports Dodgeball
67%
E; Literature Eclipse
67%
H; Religion Heaven
67%
I; Movies Independence Day
67%
J; Miscellaneous Jackalope
67%
K; Television King of the Hill
67%
L; Gaming Luigi
67%
O; Movies One Hundred and One Dalmatians
67%
Q; Science Quagga
67%
U; Science Uranus
67%
V; Literature Voyage of the Dawn Treader
67%
G; Just for Fun Green
33%
M; Television Muppets Show
33%
No matching quizzes found
Score Distribution
Percent of People with Each Score
Percentile by Number Answered
Your Score History
You have not taken this quiz